000 01198nam a22003017a 4500
005 20240530110905.0
008 150419s2008 ua g b 000 0 ara d
017 _a2007/25577
_bمصر . دار الكتب
020 _a9771442031
040 _aEG-CaGPL
082 0 4 _221
_a303.4/
_bأ خ
100 0 _aالسيد يسين
245 1 2 _aالخريطة المعرفية للمجتمع العالمى من المجتمع الصناعى الى مجتمع المعرفة /
_cالسيد يسين
250 _aط1.
260 _aالقاهرة :
_bنهضة مصر للطباعة والنشر والتوزيع،
_c2008.
300 _a299 ص ؛
_c24 سم .
504 _aيشتمل على ارجاعات ببليوجرافية
650 0 7 _aالعولمة
_2qrmak
650 0 7 _aالاحوال الثقافية
_2qrmak
650 0 7 _aالمعرفة
_2qrmak
653 0 _aالازمة الثقافية
653 0 _aالمعرفة والعولمة
653 0 _aالديموقراطية والعولمة
653 0 _aالثقافة العالمية - تحديات
653 0 _aالثورة المعلوماتية
942 _2ddc
_cBK
999 _c66196
_d66196